|
|
|
|
| LEADER |
00000nab a2200000 a 4500 |
| 001 |
vtls009958995 |
| 003 |
SK-MaSNL |
| 005 |
20260305021354.0 |
| 008 |
250506c2009 xo |||||||||||000 b|slo |
| 015 |
|
|
|a SNBRB2009/10
|2 snkbucl
|
| 035 |
|
|
|a (uuid)dc8df94b-db02-48e5-bec2-0ff50a395b03
|
| 035 |
|
|
|a urn:nbn:sk:snk-ab2xdg
|
| 035 |
|
|
|a (urnnbn)urn:nbn:sk:snk:ar-a032di
|
| 038 |
|
|
|a SNKBUCL
|
| 040 |
|
|
|a SNKBUCL
|b slo
|c SNKBUCL
|e AACR2
|
| 041 |
0 |
|
|a slo
|
| 044 |
|
|
|a xo
|c SK
|
| 080 |
|
|
|a 52-051
|2 2001
|
| 080 |
|
|
|a 929 Štefánik, Milan Rastislav
|2 2001
|
| 100 |
1 |
|
|a Rušin, Vojtech,
|d 1942-
|4 aut
|9 85539
|
| 245 |
1 |
0 |
|a Astronóm: Milan Rastislav Štefánik
|c Vojtech Rušin
|
| 300 |
|
|
|b Fotogr.
|
| 600 |
1 |
7 |
|a Štefánik, Milan Rastislav,
|d 1880-1919
|2 snkbucl
|9 86219
|
| 650 |
0 |
7 |
|a astronómia
|2 snkbucl
|9 730
|
| 773 |
0 |
|
|t Quark
|g Roč. XV, č. 5 (2009), s. 16-17
|x 1335-4000
|
| 850 |
|
|
|a Slovenská národná knižnica
|
| 852 |
|
|
|a Slovenská národná knižnica
|
| 954 |
|
|
|a odborná, vedecká literatúra pôvodná (slovenská)
|2 lita
|
| 958 |
|
|
|a article2022
|
| 958 |
|
|
|a SK
|
| 958 |
|
|
|a BX
|
| 958 |
|
|
|a OND
|
| 958 |
|
|
|a EUIPO
|
| 999 |
|
|
|c 3285449
|d 3287379
|